30 biggest cities in Iowa - Statistics

General Stats
  • This quiz has been taken 33 times
  • The average score is 17 of 30
Answer Stats
Population City % Correct
210,381 Des Moines
100%
135,958 Cedar Rapids
96%
100,354 Davenport
96%
75,678 Iowa City
96%
58,877 Dubuque
92%
72,205 West Des Moines
92%
65,686 Ames
88%
85,727 Sioux City
88%
66,606 Waterloo
84%
62,399 Council Bluffs
80%
74,458 Ankeny
76%
40,737 Cedar Falls
76%
39,858 Bettendorf
64%
24,591 Fort Dodge
64%
26,906 Mason City
64%
46,729 Urbandale
64%
25,252 Ottumwa
56%
42,213 Marion
52%
27,574 Marshalltown
52%
21,698 Altoona
40%
31,645 Waukee
32%
24,239 Clinton
24%
16,043 Indianola
20%
24,640 Johnston
20%
23,341 Muscatine
20%
23,565 Burlington
16%
19,005 Clive
16%
23,596 Coralville
12%
16,362 Grimes
12%
21,345 North Liberty
12%
No matching quizzes found
Score Distribution
Percent of People with Each Score
Percentile by Number Answered
Your Score History
You have not taken this quiz